Datum a čas kvízu
27
Celkem bodů
Celkový počet nahraných bodů na tomto kvízu bez doplňovacích otázek.
7.
Pořadí na kvízu
Konečné umístění týmu na tomto kvízu.
Zaznamenané odpovědi
| # | Otázka | Odpověď | Body | Výsledky |
|---|---|---|---|---|
| 1. | Místopředsedou které důležité... | Ústavního soudu | 0 | |
| 2. | Který člen britské královské r... | princ Louis | 1 | |
| 3. | Který hvězdný herec narozený r... | Russell Crowe | 0 | |
| 4. | Která v Česku podnikající spol... | Škoda Auto | 1 | |
| 5. | V nominaci české hokejové repr... | Karel Vejmelka | 1 | |
| 6. | Květnové kalendárium začneme o... | Litoměřice | 0 | |
| 7. | Dne 11. května 1960 byl izrael... | v Argentině | 1 | |
| 8. | Jak se jmenuje tento muž, jenž... | George Lucas | 1 | |
| 9. | Ve kterém sudém roce došlo dne... | 2006 | 0 | |
| 10. | Dne 29. května 1886 byla v den... | Coca-Colu | 0 |